Spell the Marvel Character #25 - Statistics

General Stats
  • This quiz has been taken 65 times
  • The average score is 7 of 12
Answer Stats
Picture Answer % Correct
Hulk
100%
Groot
96%
Moon Knight
92%
Iron Man
89%
Iron Fist
70%
U.S. Agent
68%
Ms. Marvel
60%
Black Knight
42%
Hummingbird
42%
Dust
19%
Nightmask
9%
Red Feather
9%
No matching quizzes found
Score Distribution
Percent of People with Each Score
Percentile by Number Answered
Your Score History
You have not taken this quiz